| 000 | 01054nam a2200277Ia 4500 | ||
|---|---|---|---|
| 003 | OSt | ||
| 005 | 20221005103750.0 | ||
| 006 | a|||||r|||| 00| 0 | ||
| 007 | ta | ||
| 008 | 221004b |||||||| |||| 00| 0 hin d | ||
| 020 |
_a9788189982409 (hbk) _cINR 225.00 |
||
| 024 | _a43494 | ||
| 037 |
_bIN-2306, 14/03/2019, Kitab Ghar Prakashan _cTextual |
||
| 040 |
_aCRL _cCRL _bhin |
||
| 041 |
_2hin _ahin |
||
| 082 | _aO152,1:g(V2y7M69), Q0 | ||
| 100 | _aशर्मा, भक्तराम, ले. | ||
| 245 | 0 | _aगांधीवाद और हिन्दी काव्य | |
| 246 | _aGāandhīvād aur hindī kāvya | ||
| 260 |
_aदिल्ली _bआर्य प्रकाशन मंडल भारत _c2010 |
||
| 300 |
_a216पृ0 _ccm. |
||
| 650 | _a गांधीवाद | ||
| 650 | _aहिन्दी कविता | ||
| 942 |
_hO152,1:g(V2y7M69), Q0 _cTEXL _2cc |
||
| 999 |
_c1010840 _d1010840 |
||